Państwa które były gospodarzami rund Speedway Grand Prix - Statystyki

Ogólne statystyki
  • Ten quiz został rozwiązany 253 razy
    246 od ostatniego zresetowania
  • Średni wynik to 14 z 16
Statystyki odpowiedzi
PAŃSTWO % Poprawnych
Polska
100%
Niemcy
98%
Czechy
96%
Szwecja
96%
Dania
94%
Wielka Brytania
93%
Australia
92%
Rosja
92%
Słowenia
85%
Finlandia
82%
Norwegia
82%
Włochy
80%
Chorwacja
79%
Łotwa
79%
Austria
70%
Nowa Zelandia
70%
Nie znaleziono quizów pasujących do podanych kryteriów
Rozkład punktacji
Procent ludzi z każdym wynikiem
Percentyl według liczby udzielonych odpowiedzi
Twoja historia wyników
Nie rozwiązałeś tego quizu od ostatniego zresetowania